000
00295nam a22001337a 4500
008
170307b xxu||||| |||| 00| 0 eng d
020
_a
044308890X
041
_a
eng
080
_2
2ND
_a
611
100
_a
6
101
_a
SHM
245
_a
SECTIONAL ANATOMY BY MRI
_c
BERGMAN, R.A
942
_2
udc
_c
BK
999
_c
7033
_d
7033